[Event "Quebec op"]
[Site "Montreal CAN"]
[Date "2000.07.26"]
[Round "6"]
[White "Clement, Michel"]
[Black "Sakr, Nassim"]
[Result "0-1"]
[WhiteElo "2080"]
[BlackElo "2193"]
[PlyCount "131"]
[GameId "2160767911653168"]
[EventDate "2000.07.22"]
[EventType "swiss"]
[EventRounds "9"]
[EventCountry "CAN"]

1. e4 c5 2. Nf3 d6 3. d4 cxd4 4. Nxd4 Nf6 5. Nc3 a6 6. Be2 e5 7. Nb3 Be7 8. O-O O-O 9. f4 Nbd7 10. Be3 b5 11. Kh1 Bb7 12. a4 b4 13. Nd5 Nxd5 14. exd5 Nf6 15. Bc4 Qc7 16. Qd3 Ng4 17. Bg1 exf4 18. Rxf4 Ne5 19. Qe2 Bg5 20. Rd4 Bf6 21. Rad1 Rfe8 22. Qf1 Ng6 23. Rg4 Bxb2 24. a5 Ne5 25. Rh4 Qe7 26. Rh3 Rac8 27. Bxa6 Bxa6 28. Qxa6 Rxc2 29. Qb5 Rc3 30. Rxc3 bxc3 31. Nd4 Qd7 32. Qb3 Qc7 33. a6 Qa7 34. Ne2 Qxa6 35. Nxc3 Bxc3 36. Qxc3 h6 37. Ra1 Qd3 38. Qa5 Ng4 39. Qa4 Re4 40. Qa8+ Kh7 41. Qc6 Re5 42. Qxd6 Rxd5 43. Qf4 Qg6 44. Rf1 f6 45. Ra1 h5 46. Rf1 Rg5 47. Ra1 Qc2 48. Qc1 Qe4 49. Qb1 f5 50. Qf1 h4 51. Re1 Qd5 52. Rd1 Qc6 53. Rc1 Qe4 54. Re1 Qc6 55. Rc1 Qg6 56. Qf3 Ne5 57. Qh3 Rg4 58. Re1 Nf7 59. Rf1 Ng5 60. Qd3 h3 61. Rf2 hxg2+ 62. Rxg2 Rxg2 63. Kxg2 Nh3+ 64. Qg3 Nxg1 65. Kxg1 f4 66. Qg2 0-1

[Event "Quebec op"]
[Site "Montreal CAN"]
[Date "2000.07.26"]
[Round "6"]
[White "Desjardins, Andre"]
[Black "Khaziyeva, Dinara"]
[Result "1/2-1/2"]
[WhiteElo "2194"]
[BlackElo "1888"]
[PlyCount "27"]
[GameId "2160767911653169"]
[EventDate "2000.07.22"]
[EventType "swiss"]
[EventRounds "9"]
[EventCountry "CAN"]

1. e4 d6 2. d4 e5 3. d5 f5 4. Nc3 Nf6 5. Bb5+ c6 6. dxc6 bxc6 7. Bd3 fxe4 8. Nxe4 d5 9. Nxf6+ Qxf6 10. Qh5+ g6 11. Bg5 Qf7 12. Qe2 Bg7 13. c4 O-O 14. f3 1/2-1/2

[Event "Quebec op"]
[Site "Montreal CAN"]
[Date "2000.07.26"]
[Round "6"]
[White "Egorov, Mikhail"]
[Black "Dumouchel, Alain"]
[Result "1-0"]
[WhiteElo "2114"]
[BlackElo "2021"]
[PlyCount "195"]
[GameId "2160767911653171"]
[EventDate "2000.07.22"]
[EventType "swiss"]
[EventRounds "9"]
[EventCountry "CAN"]

1. Nf3 d5 2. c4 e6 3. b3 Nf6 4. Bb2 Be7 5. g3 O-O 6. Bg2 c6 7. O-O Nbd7 8. d3 Re8 9. Nc3 Nf8 10. d4 Ng6 11. Qc2 Bb4 12. Rad1 Qe7 13. h3 Bd7 14. Ne5 Nxe5 15. dxe5 Nh5 16. Bf3 Qg5 17. h4 Qh6 18. Bc1 Qg6 19. Qxg6 hxg6 20. Nb1 f5 21. Ba3 a5 22. Bb2 Be7 23. Nc3 Red8 24. Rd2 Be8 25. Rfd1 g5 26. hxg5 Bxg5 27. Rd3 dxc4 28. bxc4 g6 29. Na4 Rxd3 30. Rxd3 Ng7 31. c5 Rd8 32. Rb3 Rd7 33. e3 Be7 34. Bd4 f4 35. g4 fxe3 36. fxe3 Bd8 37. Nc3 Rf7 38. Kg2 Rd7 39. Ne4 a4 40. Ra3 b5 41. cxb6 Rb7 42. Nf6+ Bxf6 43. exf6 e5 44. Bxe5 Ne6 45. Rxa4 Rxb6 46. Ra7 Bf7 47. Ra8+ Kh7 48. a4 Ng5 49. Rf8 Be6 50. Rb8 Ra6 51. Rb4 c5 52. Rb7+ Kg8 53. Rb8+ Kf7 54. Rb7+ Kf8 55. Rg7 Bf7 56. Bb7 Rb6 57. Ba8 Re6 58. Bf4 Rxf6 59. Bxg5 Kxg7 60. Bxf6+ Kxf6 61. a5 c4 62. Be4 Ke5 63. Kf3 c3 64. Bc2 Bd5+ 65. Ke2 Bc4+ 66. Kd1 g5 67. Bf5 Bb3+ 68. Kc1 Kd6 69. a6 Kc7 70. Be4 Kb6 71. Bb7 Ka7 72. e4 Be6 73. Kc2 Bxg4 74. e5 Be2 75. Kxc3 g4 76. e6 g3 77. e7 Bh5 78. Kd4 g2 79. Bxg2 Kxa6 80. Ke5 Kb6 81. Kd6 Be8 82. Bd5 Bh5 83. Be6 Be8 84. Bd7 Bf7 85. Ke5 Kc7 86. Kf6 Bh5 87. Be6 Be8 88. Bf7 Kd7 89. Bc4 Kc7 90. Kg7 Bc6 91. Kf8 Bd7 92. Bf1 Kd6 93. Bh3 Ba4 94. Bf5 Bb5 95. Bg6 Ba4 96. Be8 Bd1 97. Bb5 Bh5 98. Bc4 1-0

[Event "Quebec op"]
[Site "Montreal CAN"]
[Date "2000.07.26"]
[Round "6"]
[White "Gagnon, Michel"]
[Black "Sasseville, Jean"]
[Result "0-1"]
[WhiteElo "2193"]
[BlackElo "1950"]
[PlyCount "61"]
[GameId "2160767911653173"]
[EventDate "2000.07.22"]
[EventType "swiss"]
[EventRounds "9"]
[EventCountry "CAN"]

1. d4 d5 2. Nf3 e6 3. e3 Nf6 4. Bd3 c5 5. c3 Nc6 6. Nbd2 Bd6 7. O-O O-O 8. dxc5 Bxc5 9. e4 e5 10. exd5 Qxd5 11. Qe2 Bg4 12. Ne4 Nxe4 13. Bxe4 Qe6 14. Qb5 Bxf3 15. Bxf3 Bb6 16. a4 e4 17. Re1 Rfe8 18. Rxe4 Qg6 19. Rxe8+ Rxe8 20. Bf4 Qc2 21. Bg3 Rd8 22. Re1 g6 23. h4 Qf5 24. Qxf5 gxf5 25. Rd1 Rxd1+ 26. Bxd1 Ne7 27. Bf3 Nc6 28. b4 Bd8 29. a5 f4 30. Bxf4 Bxh4 31. a6 0-1

[Event "Quebec op"]
[Site "Montreal CAN"]
[Date "2000.07.26"]
[Round "6"]
[White "Gaspariants, Garry"]
[Black "Razdolksky, Ilija"]
[Result "1/2-1/2"]
[WhiteElo "2282"]
[BlackElo "2143"]
[PlyCount "51"]
[GameId "2160767911653174"]
[EventDate "2000.07.22"]
[EventType "swiss"]
[EventRounds "9"]
[EventCountry "CAN"]

1. d4 e6 2. Nf3 b6 3. g3 Bb7 4. Bg2 Nf6 5. O-O Be7 6. c4 O-O 7. Nc3 d6 8. Qc2 c5 9. d5 Na6 10. e4 e5 11. Nh4 g6 12. Bh6 Re8 13. h3 Nh5 14. Nf3 Bf8 15. Qd2 Bxh6 16. Qxh6 Qf6 17. Ng5 Qg7 18. Qxg7+ Kxg7 19. Nb5 Red8 20. a3 h6 21. Nf3 Nf6 22. Nh4 Ne8 23. f4 Nac7 24. Nc3 Ba6 25. b3 b5 26. cxb5 1/2-1/2

[Event "Quebec op"]
[Site "Montreal CAN"]
[Date "2000.07.26"]
[Round "6"]
[White "Gruzmann, Boris"]
[Black "Feoktistov, Dmitri"]
[Result "1-0"]
[WhiteElo "2302"]
[BlackElo "1991"]
[PlyCount "49"]
[GameId "2160767911653175"]
[EventDate "2000.07.22"]
[EventType "swiss"]
[EventRounds "9"]
[EventCountry "CAN"]

1. e4 c6 2. d4 d5 3. e5 Bf5 4. h4 h6 5. g4 Bh7 6. e6 fxe6 7. Bd3 Bxd3 8. Qxd3 Qb6 9. Nf3 Nd7 10. Qg6+ Kd8 11. Nc3 Ngf6 12. g5 Ne8 13. Qxe6 Nc7 14. Qf7 hxg5 15. Bxg5 Qxb2 16. Kd2 Nb5 17. Nxb5 Qxb5 18. Rhb1 Qa6 19. Re1 Qa3 20. Rab1 b6 21. Rb3 Qa5+ 22. Kd1 Nf6 23. Ne5 Qa4 24. Rb4 Qxa2 25. Qe6 1-0

[Event "Quebec op"]
[Site "Montreal CAN"]
[Date "2000.07.26"]
[Round "6"]
[White "Kulagin, Maxim"]
[Black "Belanger, Jacques"]
[Result "0-1"]
[WhiteElo "1895"]
[BlackElo "2113"]
[PlyCount "86"]
[GameId "2160767911653176"]
[EventDate "2000.07.22"]
[EventType "swiss"]
[EventRounds "9"]
[EventCountry "CAN"]

1. e4 c5 2. Nf3 Nc6 3. c3 d5 4. e5 Bf5 5. d4 e6 6. Be2 Qb6 7. O-O f6 8. Nbd2 cxd4 9. cxd4 Nxd4 10. Nxd4 Qxd4 11. Bb5+ Kf7 12. Qb3 Qb4 13. Qxb4 Bxb4 14. Nf3 a6 15. Be2 Ne7 16. a3 Ba5 17. b4 Bb6 18. Bb2 Rhc8 19. Rfc1 Ng6 20. exf6 gxf6 21. g3 e5 22. h4 Kg7 23. h5 Ne7 24. Nh4 Bc2 25. Nf3 d4 26. Ne1 Bb3 27. Bd3 Nd5 28. Be4 Rab8 29. Nd3 Nc3 30. Bxc3 dxc3 31. Rab1 Ba4 32. Nc5 Bxc5 33. bxc5 Rxc5 34. Rxb7+ Rxb7 35. Bxb7 c2 36. Be4 Kh6 37. g4 Kg5 38. f3 h6 39. Kf2 Rc4 40. Bd3 Rc3 41. Bxa6 Kf4 42. Bb7 Rd3 43. Be4 Rd2+ 0-1

[Event "Quebec op"]
[Site "Montreal CAN"]
[Date "2000.07.26"]
[Round "6"]
[White "Lazarev, Vladimir"]
[Black "Miladinovic, Igor"]
[Result "1-0"]
[WhiteElo "2478"]
[BlackElo "2563"]
[PlyCount "87"]
[GameId "2160767911653177"]
[EventDate "2000.07.22"]
[EventType "swiss"]
[EventRounds "9"]
[EventCountry "CAN"]
[SourceTitle "EXT 2002"]
[Source "ChessBase"]
[SourceDate "2001.11.25"]
[SourceVersion "1"]
[SourceVersionDate "2001.11.25"]
[SourceQuality "1"]

1. d4 d5 2. c4 Bf5 3. cxd5 Bxb1 4. Qa4+ c6 5. dxc6 Nxc6 6. Rxb1 e5 7. Nf3 Bb4+ 8. Bd2 Bxd2+ 9. Nxd2 exd4 10. g3 Qd5 11. Nf3 d3 12. Rd1 Qc5 13. e3 Qh5 14. Bg2 Rd8 15. O-O Nge7 16. Qb3 Qg6 17. Rd2 O-O 18. Rfd1 Na5 19. Qb5 Rd5 20. Qa4 Qc6 21. Qxc6 Nexc6 22. Rxd3 Rxd3 23. Rxd3 Rd8 24. Rc3 Rd1+ 25. Bf1 Rb1 26. Rc2 g6 27. Nd2 Rd1 28. a3 Ne5 29. Kg2 Nac6 30. Be2 Re1 31. Ne4 Kg7 32. Nd6 Nd8 33. f4 Nec6 34. h4 h5 35. Kf2 Rb1 36. Bf3 Na5 37. b4 Nb3 38. Nxb7 Nxb7 39. Bxb7 Ra1 40. Bd5 Rxa3 41. Rc7 Ra2+ 42. Ke1 Ra1+ 43. Ke2 Ra2+ 44. Kd3 1-0

[Event "Quebec op"]
[Site "Montreal CAN"]
[Date "2000.07.26"]
[Round "6"]
[White "Loadman, Ian"]
[Black "Khassanov, Marat"]
[Result "0-1"]
[WhiteElo "2087"]
[BlackElo "2409"]
[PlyCount "98"]
[GameId "2160767911653178"]
[EventDate "2000.07.22"]
[EventType "swiss"]
[EventRounds "9"]
[EventCountry "CAN"]

1. e4 Nc6 2. Nf3 d5 3. exd5 Qxd5 4. Nc3 Qa5 5. Bb5 Bd7 6. d4 O-O-O 7. d5 Bg4 8. Bd2 Nd4 9. Be2 Bxf3 10. Bxf3 Nf6 11. O-O e6 12. Bg5 Nxf3+ 13. Qxf3 exd5 14. Bxf6 gxf6 15. Qxf6 Bb4 16. Ne2 Bd6 17. Nd4 Qb6 18. Qf5+ Kb8 19. Qd3 Be5 20. Nf3 Bg7 21. Rab1 Qg6 22. Rfe1 Rhg8 23. Qxg6 hxg6 24. Re7 Rgf8 25. c3 Bf6 26. Re2 Rfe8 27. Rbe1 Rxe2 28. Rxe2 Kc8 29. Kf1 Kd7 30. Ke1 Kd6 31. Kd2 c5 32. Kd3 b5 33. h4 a5 34. g3 a4 35. a3 Rb8 36. Kc2 b4 37. axb4 cxb4 38. cxb4 Rxb4 39. Kc1 Rb3 40. Ne1 Bg7 41. Rd2 Bh6 42. f4 Rxg3 43. Rd4 a3 44. bxa3 Rxa3 45. Ng2 Ra1+ 46. Kb2 Bg7 47. Kxa1 Bxd4+ 48. Kb1 Ke6 49. Kc2 Kf5 0-1

[Event "Quebec op"]
[Site "Montreal CAN"]
[Date "2000.07.26"]
[Round "6"]
[White "Luksza, Arkadiusz"]
[Black "Kogan, Artur"]
[Result "0-1"]
[WhiteElo "2063"]
[BlackElo "2483"]
[PlyCount "100"]
[GameId "2160767911653179"]
[EventDate "2000.07.22"]
[EventType "swiss"]
[EventRounds "9"]
[EventCountry "CAN"]

1. d4 Nf6 2. c4 e6 3. Nc3 Bb4 4. Nf3 b6 5. g3 Bb7 6. Bg2 Bxc3+ 7. bxc3 Nc6 8. Ne5 Na5 9. Bxb7 Nxb7 10. Ba3 c5 11. O-O Qc7 12. Rc1 O-O 13. Qd3 d6 14. Nf3 Qc6 15. Qc2 Ne4 16. d5 exd5 17. cxd5 Qxd5 18. c4 Qe6 19. Rfd1 Rae8 20. Bb2 Na5 21. Rd3 f5 22. Nh4 f4 23. Ng2 fxg3 24. fxg3 Nc6 25. Re3 Rf2 26. Rxe4 Rxg2+ 27. Kxg2 Qxe4+ 28. Qxe4 Rxe4 29. Kf3 Re6 30. Rd1 Na5 31. Rc1 Kf7 32. e3 g5 33. h3 a6 34. Rc2 Ke7 35. Bc1 h5 36. Bd2 Nc6 37. Bc3 b5 38. cxb5 axb5 39. a3 d5 40. Rb2 Na7 41. Rc2 Re4 42. Ba5 Nc6 43. Bb6 c4 44. Bc5+ Kd7 45. Ra2 g4+ 46. hxg4 hxg4+ 47. Kf2 Ne5 48. Bd4 Nf3 49. Bc3 Re6 50. Ra1 Rh6 0-1

[Event "Quebec op"]
[Site "Montreal CAN"]
[Date "2000.07.26"]
[Round "6"]
[White "Neacsu, Catalin"]
[Black "Pnevmonidis, Pantelis"]
[Result "1-0"]
[WhiteElo "1987"]
[BlackElo "2224"]
[PlyCount "59"]
[GameId "2160767911653180"]
[EventDate "2000.07.22"]
[EventType "swiss"]
[EventRounds "9"]
[EventCountry "CAN"]

1. e4 c5 2. Nf3 d6 3. d4 cxd4 4. Nxd4 Nf6 5. Nc3 a6 6. Bg5 e6 7. f4 Qb6 8. Qd2 Qxb2 9. Rb1 Qa3 10. f5 Nc6 11. fxe6 fxe6 12. Nxc6 bxc6 13. e5 Nd5 14. Nxd5 cxd5 15. Be2 dxe5 16. O-O Ra7 17. c4 Qc5+ 18. Kh1 d4 19. Bh5+ g6 20. Bd1 Be7 21. Ba4+ Kd8 22. Rf7 h6 23. Bxh6 e4 24. Bg7 Rxh2+ 25. Kxh2 Bd6+ 26. g3 Rxf7 27. Bxd4 Qh5+ 28. Kg1 Rh7 29. Bf6+ Kc7 30. Bd8+ 1-0

[Event "Quebec op"]
[Site "Montreal CAN"]
[Date "2000.07.26"]
[Round "6"]
[White "Poulin, Maurice"]
[Black "Nicula, Marius"]
[Result "1/2-1/2"]
[WhiteElo "2108"]
[BlackElo "2225"]
[PlyCount "81"]
[GameId "2160767911653181"]
[EventDate "2000.07.22"]
[EventType "swiss"]
[EventRounds "9"]
[EventCountry "CAN"]

1. e4 e6 2. d4 d5 3. e5 c5 4. c3 Nc6 5. Nf3 Bd7 6. dxc5 Qc7 7. Bf4 Nge7 8. Bd3 Ng6 9. Bg3 Ngxe5 10. Nxe5 Nxe5 11. O-O Bxc5 12. c4 dxc4 13. Bxc4 Bd6 14. Bb3 O-O 15. Nc3 Bc6 16. Rc1 Qe7 17. Qh5 Ng6 18. f4 Rad8 19. Rce1 Qc7 20. Qg5 h6 21. Qg4 Ne7 22. Kh1 Nf5 23. Ne4 Bxe4 24. Rxe4 Qb6 25. Bf2 Bc5 26. Bxc5 Qxc5 27. Re5 Qb6 28. Rfe1 Nd4 29. R5e3 Nxb3 30. axb3 Rd2 31. Rg3 Qd4 32. h3 Rd8 33. Kh2 Qxb2 34. Re5 g6 35. Rxe6 R2d7 36. Re2 Qf6 37. f5 Rd4 38. Qf3 g5 39. Qxb7 Qb6 40. Re7 Qxb7 41. Rxb7 1/2-1/2

[Event "Quebec op"]
[Site "Montreal CAN"]
[Date "2000.07.26"]
[Round "6"]
[White "Raheb, David"]
[Black "Rozentalis, Eduardas"]
[Result "0-1"]
[WhiteElo "2098"]
[BlackElo "2553"]
[PlyCount "70"]
[GameId "2160767911653182"]
[EventDate "2000.07.22"]
[EventType "swiss"]
[EventRounds "9"]
[EventCountry "CAN"]

1. d4 Nf6 2. c4 e6 3. Nf3 b6 4. g3 Bb7 5. Bg2 Be7 6. O-O O-O 7. d5 exd5 8. Nh4 c6 9. cxd5 Nxd5 10. Nf5 Nc7 11. e4 d5 12. Re1 Bf6 13. e5 Be7 14. Qg4 g6 15. Nc3 Bc8 16. Nxe7+ Qxe7 17. Qd1 Re8 18. h4 f6 19. Bf4 f5 20. e6 Nba6 21. Bg5 Qg7 22. e7 Be6 23. Qa4 b5 24. Qf4 h6 25. Bxh6 Qxe7 26. Bg5 Qf7 27. b4 Bd7 28. Qd6 Re6 29. Rxe6 Qxe6 30. Qf4 Re8 31. a4 bxa4 32. Rxa4 Qe1+ 33. Bf1 Qxc3 34. Bxa6 Re1+ 35. Bf1 Qd3 0-1

[Event "Quebec op"]
[Site "Montreal CAN"]
[Date "2000.07.26"]
[Round "6"]
[White "Reeve, Jeff"]
[Black "Soudre, Nicolas"]
[Result "0-1"]
[WhiteElo "2318"]
[BlackElo "2094"]
[PlyCount "49"]
[GameId "2160767911653183"]
[EventDate "2000.07.22"]
[EventType "swiss"]
[EventRounds "9"]
[EventCountry "CAN"]

1. e4 e6 2. d4 d5 3. Nc3 Bb4 4. e5 c5 5. dxc5 Nc6 6. Nf3 Bxc5 7. Bd3 f6 8. Qe2 fxe5 9. Nxe5 Nxe5 10. Qxe5 Qf6 11. Qe2 Ne7 12. Bb5+ Kf7 13. Be3 b6 14. O-O-O Bb7 15. Rhe1 Rad8 16. Bd4 Qh6+ 17. f4 Nf5 18. Bxc5 bxc5 19. g4 Nd4 20. Rxd4 cxd4 21. g5 Qh3 22. Qe5 dxc3 23. f5 Kg8 24. Qxe6+ Kf8 25. Be8 0-1

[Event "Quebec op"]
[Site "Montreal CAN"]
[Date "2000.07.26"]
[Round "6"]
[White "Trottier, Yves"]
[Black "Abreu Cordero, Jose"]
[Result "0-1"]
[WhiteElo "1932"]
[BlackElo "2137"]
[PlyCount "68"]
[GameId "2160767911653186"]
[EventDate "2000.07.22"]
[EventType "swiss"]
[EventRounds "9"]
[EventCountry "CAN"]

1. e4 c6 2. d4 d5 3. exd5 cxd5 4. c4 Nf6 5. Nc3 g6 6. Qb3 Bg7 7. cxd5 O-O 8. Nge2 b6 9. g3 Bb7 10. Bg2 Na6 11. O-O Qd7 12. Bd2 Rfd8 13. Nf4 Ne8 14. Bh3 Qd6 15. Nb5 Qf6 16. Rac1 Nd6 17. Nc7 Nxc7 18. Rxc7 Bf8 19. Re1 Bc8 20. Bf1 Bf5 21. Bd3 g5 22. Bxf5 Nxf5 23. Ne2 h6 24. Qf3 Qd6 25. Rec1 Qxd5 26. Qxd5 Rxd5 27. Be3 Rad8 28. R1c4 a6 29. Rc1 b5 30. b3 e6 31. Kg2 Bg7 32. Rb7 Nd6 33. Rbc7 a5 34. Nc3 Rf5 0-1

[Event "Quebec op"]
[Site "Montreal CAN"]
[Date "2000.07.26"]
[Round "6"]
[White "Tyomkin, Dimitri"]
[Black "Grondin, Jean-Philippe"]
[Result "1-0"]
[WhiteElo "2522"]
[BlackElo "2243"]
[PlyCount "114"]
[GameId "2160767911653187"]
[EventDate "2000.07.22"]
[EventType "swiss"]
[EventRounds "9"]
[EventCountry "CAN"]
[SourceTitle "EXT 2002"]
[Source "ChessBase"]
[SourceDate "2001.11.25"]
[SourceVersion "1"]
[SourceVersionDate "2001.11.25"]
[SourceQuality "1"]

1. d4 d5 2. c4 Nc6 3. Nf3 e5 4. dxe5 Bb4+ 5. Bd2 dxc4 6. e3 Be6 7. Qa4 Bxd2+ 8. Nbxd2 a6 9. Nd4 b5 10. Nxe6 fxe6 11. Qc2 Qd5 12. Be2 Rd8 13. Nf3 Nb4 14. Qc3 c5 15. O-O Ne7 16. Rfd1 Nd3 17. Ne1 b4 18. Qc2 Nxe1 19. Rxe1 O-O 20. Bxc4 Qxe5 21. Bxa6 Rd6 22. Bc4 Rfd8 23. Rad1 Nd5 24. Bd3 Nf6 25. f4 Qh5 26. Be2 Ng4 27. Bxg4 Qxg4 28. Rxd6 Rxd6 29. Qxc5 Rd2 30. Qc8+ Kf7 31. Qb7+ Kf6 32. Qe4 Kf7 33. Rc1 Rd1+ 34. Rxd1 Qxd1+ 35. Kf2 Qd2+ 36. Kf3 Qxb2 37. Qc4 Qd2 38. f5 Qd1+ 39. Kf2 Qd2+ 40. Kf3 Qd1+ 41. Kf4 Qd6+ 42. Ke4 Qxh2 43. Qxe6+ Kf8 44. Qc8+ Kf7 45. Qc4+ Kf6 46. Qd4+ Kf7 47. Qd5+ Kf6 48. Qe6+ Kg5 49. Qe7+ Kh6 50. Kd3 Qh1 51. Qxb4 Qf1+ 52. Kd4 Qxg2 53. a4 Qg4+ 54. e4 Qg1+ 55. Kd5 Qc1 56. a5 Kg5 57. a6 Kf4 1-0

[Event "Quebec op"]
[Site "Montreal CAN"]
[Date "2000.07.27"]
[Round "6"]
[White "Dvoretskij, Alexey"]
[Black "Kurenkov, Nikolai"]
[Result "0-1"]
[WhiteElo "2098"]
[BlackElo "2329"]
[PlyCount "70"]
[GameId "2160767911653188"]
[EventDate "2000.07.22"]
[EventType "swiss"]
[EventRounds "9"]
[EventCountry "CAN"]
[SourceTitle "EXT 2002"]
[Source "ChessBase"]
[SourceDate "2001.11.25"]
[SourceVersion "1"]
[SourceVersionDate "2001.11.25"]
[SourceQuality "1"]

1. e4 c5 2. Nc3 Nc6 3. f4 g6 4. Nf3 Bg7 5. Bc4 e6 6. O-O Nge7 7. d3 O-O 8. Qe1 Nd4 9. f5 Nxc2 10. Qh4 Nxf5 11. exf5 Qxh4 12. Nxh4 Bd4+ 13. Kh1 Nxa1 14. Bh6 Nc2 15. Bxf8 Kxf8 16. fxg6 hxg6 17. Nxg6+ Kg7 18. Nf4 Ne3 19. Rf3 d5 20. Bb5 a6 21. Be8 Nf5 22. Nh5+ Kf8 23. Bxf7 Kxf7 24. g4 b5 25. gxf5 exf5 26. Ng3 Kg6 27. Nge2 Be5 28. Re3 Bc7 29. d4 f4 30. Rd3 b4 31. Na4 Bg4 32. Rd2 Re8 33. Ng1 c4 34. Nc5 f3 35. Rf2 Re2 0-1

[Event "Quebec op"]
[Site "Montreal CAN"]
[Date "2000.07.28"]
[Round "6"]
[White "Archangelsky, Mikhail"]
[Black "Berezovich, Mikhail"]
[Result "0-1"]
[WhiteElo "2430"]
[BlackElo "2164"]
[PlyCount "84"]
[GameId "2160767911653189"]
[EventDate "2000.07.22"]
[EventType "swiss"]
[EventRounds "9"]
[EventCountry "CAN"]
[SourceTitle "EXT 2002"]
[Source "ChessBase"]
[SourceDate "2001.11.25"]
[SourceVersion "1"]
[SourceVersionDate "2001.11.25"]
[SourceQuality "1"]

1. e4 c5 2. Nc3 Nc6 3. f4 e6 4. Nf3 Nge7 5. d3 d6 6. Be3 g6 7. d4 cxd4 8. Nxd4 Bg7 9. Ndb5 d5 10. e5 Nf5 11. Bc5 a6 12. Nd6+ Nxd6 13. Bxd6 f6 14. Qe2 fxe5 15. fxe5 Nd4 16. Qf2 Nf5 17. Bc5 Bxe5 18. Bd3 Bd7 19. O-O Qc7 20. Bxf5 Bxh2+ 21. Kh1 gxf5 22. Rae1 Bg3 23. Nxd5 Bxf2 24. Nxc7+ Kd8 25. Nxa8 Bxc5 26. b4 Ba7 27. c4 Ke7 28. Nc7 Kd6 29. Nxe6 Bxe6 30. c5+ Kd7 31. Rf3 Re8 32. Rd3+ Ke7 33. Rd6 Kf7 34. c6 Bb8 35. Rd4 bxc6 36. a4 Bg3 37. Rf1 Bd5 38. Rxf5+ Kg6 39. Rf1 h5 40. Rd2 Be1 41. Rd4 Re2 42. Kh2 Bc3 0-1

[Event "Quebec op"]
[Site "Montreal CAN"]
[Date "2000.07.28"]
[Round "6"]
[White "Bachand-Fleurent, Julien"]
[Black "Pineault, Denis"]
[Result "0-1"]
[WhiteElo "2061"]
[BlackElo "2230"]
[PlyCount "134"]
[GameId "2160767911653190"]
[EventDate "2000.07.22"]
[EventType "swiss"]
[EventRounds "9"]
[EventCountry "CAN"]
[SourceTitle "EXT 2002"]
[Source "ChessBase"]
[SourceDate "2001.11.25"]
[SourceVersion "1"]
[SourceVersionDate "2001.11.25"]
[SourceQuality "1"]

1. e4 c5 2. Nc3 Nc6 3. g3 g6 4. Bg2 Bg7 5. d3 d6 6. Be3 e6 7. Qd2 Rb8 8. a4 Nd4 9. Nf3 Qb6 10. O-O a6 11. Ra2 Bd7 12. Rc1 h6 13. a5 Qc7 14. Bxd4 cxd4 15. Ne2 Qc5 16. c3 dxc3 17. bxc3 Ne7 18. d4 Qc4 19. Nf4 O-O 20. Bf1 Qc6 21. Qe3 h5 22. c4 Bh6 23. Nd2 Kh7 24. Qc3 Qc7 25. Nd3 Rfc8 26. Rcc2 Bg7 27. Nf3 Kg8 28. Qd2 Rd8 29. c5 dxc5 30. Rxc5 Bc6 31. Nb4 Qd6 32. e5 Qxc5 33. dxc5 Rxd2 34. Nxd2 Bxe5 35. Nxc6 Nxc6 36. Nb3 Rd8 37. Bc4 Bc3 38. Kf1 Kf8 39. Ke2 Ke7 40. f4 Nb4 41. Ra4 Nc6 42. Bd3 Kd7 43. Ke3 Kc7 44. Be4 f5 45. Bxc6 Kxc6 46. Rc4 Bf6 47. Rb4 Rd7 48. Rb6+ Kd5 49. c6 bxc6 50. Rxa6 c5 51. Ra8 c4 52. Nc1 Bd4+ 53. Ke2 Ra7 54. Rd8+ Ke4 55. Rc8 Kd5 56. Rd8+ Kc5 57. Rc8+ Kb5 58. Re8 Ra6 59. Rg8 Kxa5 60. Rxg6 Kb4 61. Rg8 Kc3 62. Kf3 Ra3 63. Rd8 Kc2+ 64. Kg2 Kxc1 65. Rxd4 c3 66. Kf1 c2 67. Ke2 Kb2 0-1

[Event "Quebec op"]
[Site "Montreal CAN"]
[Date "2000.07.28"]
[Round "6"]
[White "Gilman, Arkadiy"]
[Black "Moss, Laurent"]
[Result "1-0"]
[WhiteElo "2265"]
[BlackElo "2210"]
[PlyCount "91"]
[GameId "2160767911653191"]
[EventDate "2000.07.22"]
[EventType "swiss"]
[EventRounds "9"]
[EventCountry "CAN"]
[SourceTitle "EXT 2002"]
[Source "ChessBase"]
[SourceDate "2001.11.25"]
[SourceVersion "1"]
[SourceVersionDate "2001.11.25"]
[SourceQuality "1"]

1. d4 Nf6 2. c4 c5 3. d5 b5 4. a4 bxc4 5. Nc3 Qa5 6. Bd2 Ba6 7. e4 d6 8. Qc2 Nbd7 9. Nf3 g6 10. Nb5 Qd8 11. Bxc4 Bxb5 12. Bxb5 Bg7 13. O-O O-O 14. Bc3 a6 15. Be2 Qc7 16. Nd2 Rfb8 17. Nc4 Nb6 18. Na5 e6 19. dxe6 fxe6 20. Nc4 Nxc4 21. Bxc4 d5 22. exd5 Nxd5 23. Bxg7 Kxg7 24. b3 Qe5 25. Rfe1 Qg5 26. Qe4 Re8 27. Rad1 Rad8 28. Rd3 Qf6 29. Rf3 Qd4 30. Bxa6 Nc3 31. Qe3 Nd5 32. Qe5+ Nf6 33. h3 Rd5 34. Qc7+ Rd7 35. Qf4 Rf7 36. Bb5 Ree7 37. Qe5 Kg8 38. Qxd4 cxd4 39. Rd3 e5 40. Bc4 Kg7 41. Bxf7 Kxf7 42. f4 Nd5 43. Rxe5 Nxf4 44. Rxe7+ Kxe7 45. Rd2 Ke6 46. g3 1-0

[Event "Quebec op"]
[Site "Montreal CAN"]
[Date "2000.07.28"]
[Round "6"]
[White "Golts, Roman"]
[Black "Caceres Cortes, Julio"]
[Result "1-0"]
[WhiteElo "2192"]
[BlackElo "2103"]
[PlyCount "121"]
[GameId "2160767911653192"]
[EventDate "2000.07.22"]
[EventType "swiss"]
[EventRounds "9"]
[EventCountry "CAN"]
[SourceTitle "EXT 2002"]
[Source "ChessBase"]
[SourceDate "2001.11.25"]
[SourceVersion "1"]
[SourceVersionDate "2001.11.25"]
[SourceQuality "1"]

1. e4 c5 2. Nf3 d6 3. d4 cxd4 4. Nxd4 Nf6 5. Nc3 g6 6. Be3 Bg7 7. f3 O-O 8. Qd2 Nc6 9. Bc4 Bd7 10. h4 Rc8 11. Bb3 h5 12. O-O-O Ne5 13. Bg5 Rc5 14. Rhe1 b5 15. Kb1 Qb6 16. Nde2 Rb8 17. Be3 Nc4 18. Bxc4 bxc4 19. Qc1 Nxe4 20. fxe4 Bg4 21. Bxc5 Qxc5 22. Rd5 Qb4 23. a3 Qxa3 24. Rb5 Rxb5 25. Nxb5 Qb4 26. Nbc3 Bxe2 27. Na2 Qb5 28. Rxe2 c3 29. Re1 cxb2 30. Qe3 a5 31. c3 a4 32. Qe2 Qe5 33. Kxb2 Qg3 34. Rh1 Bf6 35. Rh3 Qe5 36. Nb4 Bg7 37. Ka3 Qc5 38. Qe3 Qb5 39. Qd3 Qc5 40. Kxa4 Qg1 41. Qc2 Qa1+ 42. Kb3 Qa8 43. Rh1 Qb7 44. Qd3 Qb6 45. Rf1 Bf6 46. g3 Be5 47. Qc4 e6 48. Qc8+ Kg7 49. Qd7 Bf6 50. Qc6 Qe3 51. Qxd6 Qxc3+ 52. Ka4 Qc4 53. Qf4 Qd4 54. Qxf6+ Qxf6 55. Rxf6 Kxf6 56. Nd3 e5 57. Kb4 Ke6 58. Kc4 f5 59. Nf2 fxe4 60. Nxe4 Kf5 61. Kd5 1-0

[Event "Quebec op"]
[Site "Montreal CAN"]
[Date "2000.07.28"]
[Round "6"]
[White "Kalinichev, Andrey"]
[Black "Goldenberg, Danny"]
[Result "1/2-1/2"]
[WhiteElo "2043"]
[BlackElo "2310"]
[PlyCount "31"]
[GameId "2160767911653193"]
[EventDate "2000.07.22"]
[EventType "swiss"]
[EventRounds "9"]
[EventCountry "CAN"]
[SourceTitle "EXT 2002"]
[Source "ChessBase"]
[SourceDate "2001.11.25"]
[SourceVersion "1"]
[SourceVersionDate "2001.11.25"]
[SourceQuality "1"]

1. d4 Nf6 2. c4 g6 3. Nc3 Bg7 4. Nf3 O-O 5. g3 d6 6. Bg2 Nc6 7. O-O a6 8. h3 Rb8 9. Be3 b5 10. Nd2 Bd7 11. cxb5 axb5 12. Rc1 e5 13. dxe5 Nxe5 14. f4 Nc4 15. Nxc4 bxc4 16. Qd2 1/2-1/2